000 00770nam a2200205Ia 4500
003 GCL
008 140319s9999 xx 000 0 ara d
040 _aGCL /
_cGCL
082 0 4 _a415.5
_bم و
100 1 _aمصطفى عبدالعزيز السنجرجى
245 1 0 _aالوسيط فى علم الصرف :
_bقسم تصريف الافعال مع دراسة امبحث الاعلال والابدال /
_cمصطفى عبدالعزيز السنجرجى
250 _aالثانية
260 _aالقاهرة :
_bمكتبة الشباب ،
_c1982
300 _a173 ص ؛
_c26 سم
650 0 4 _aاللغة العربية
650 0 4 _aعلم الصرف
650 0 4 _aاللغة العربية - الصرف
650 0 4 _aالنحو - الصرف
942 _2ddc
_cBK
999 _c209
_d209